| 000 | 00409nam a2200145Ia 4500 | ||
|---|---|---|---|
| 008 | 230917s9999||||xx |||||||||||||| ||und|| | ||
| 040 |
_e51110 _aMAIN |
||
| 041 | _aEnglish | ||
| 082 | _a412 L23F | ||
| 100 | _aLand, Stephen K | ||
| 245 | 0 | _aFrom rigns to propositions : the concept of form in eighteenth- century semantic theory | |
| 260 |
_aLondon _bLongman _c1974 |
||
| 300 | _aviii, 202 p. | ||
| 942 | _cBK | ||
| 999 |
_c170994 _d170994 |
||